00679nam a2200241Ia 4500008004100000020001500041050001000056050001500066100002800081245003300109245004500142260002300187260002500210260000900235300001600244300002100260300001100281650002100292650001500313700004000328700004000368700002900408170203s9999 xx 000 0 und d a9710870432 a338.5 bA958m 2011 aAvila-Bato, Ma. Jesusa. aMicro Economics Simplified / cAvila-Bato, Malvaceda, Marcelino, Viray. aMandaluyong City : bNational Book Store. c2011 a186 pages : billustrations ;  c26 cm. aMicro Economics. xEconomics. aMalveda, Lucky Raymundo M., author. aMarcelino, Ramon Benedicto, author. aViray, Edilberto Jr. B.